Sweet bean paste / (Record no. 9566)

MARC details
000 -LEADER
fixed length control field 01676nam a22002537a 4500
001 - CONTROL NUMBER
control field 9566
003 - CONTROL NUMBER IDENTIFIER
control field FISKH
005 - DATE AND TIME OF LATEST TRANSACTION
control field 20260123144318.0
008 - FIXED-LENGTH DATA ELEMENTS--GENERAL INFORMATION
fixed length control field 260123b cb ||||| |||| 00| 0 eng d
020 ## - INTERNATIONAL STANDARD BOOK NUMBER
International Standard Book Number 9781786071958
040 ## - CATALOGING SOURCE
Original cataloging agency FISKH
Language of cataloging eng
Transcribing agency FISKH
Modifying agency FISKH
050 ## - LIBRARY OF CONGRESS CALL NUMBER
Classification number PL869 .O75
082 ## - DEWEY DECIMAL CLASSIFICATION NUMBER
Classification number 895.63
100 ## - MAIN ENTRY--PERSONAL NAME
Personal name Sukegawa, Durian
Relator term Author
245 ## - TITLE STATEMENT
Title Sweet bean paste /
Statement of responsibility, etc. Durian Sukegawa ; translated by Alison Watts
260 ## - PUBLICATION, DISTRIBUTION, ETC.
Place of publication, distribution, etc. London :
Name of publisher, distributor, etc. Oneworld Publications Ltd ,
Date of publication, distribution, etc. 2013
300 ## - PHYSICAL DESCRIPTION
Extent 216 pages :
Dimensions 20 cm
520 ## - SUMMARY, ETC.
Summary, etc. A charming tale of friendship, love, and loneliness in contemporary Japan Sentaro has failed. He has a criminal record, drinks too much, and his dream of becoming a writer is just a distant memory. With only the blossoming of the cherry trees to mark the passing of time, he spends his days in a tiny confectionery shop selling dorayaki, a type of pancake filled with sweet bean paste. But everything is about to change. Into his life comes Tokue, an elderly woman with disfigured hands and a troubled past. Tokue makes the best sweet bean paste Sentaro has ever tasted. She begins to teach him her craft, but as their friendship flourishes, social pressures become impossible to escape and Tokue's dark secret is revealed, with devastating consequences. Sweet Bean Paste is a moving novel about the burden of the past and the redemptive power of friendship. Translated into English for the first time, Durian Sukegawa's beautiful prose is capturing hearts all over the world.
650 ## - SUBJECT ADDED ENTRY--TOPICAL TERM
Topical term or geographic name entry element Japanese fiction
Form subdivision Translated
650 ## - SUBJECT ADDED ENTRY--TOPICAL TERM
Topical term or geographic name entry element Cuisine
Form subdivision Friendship
700 ## - ADDED ENTRY--PERSONAL NAME
Personal name Watts, Alison
Relator term Translator
942 ## - ADDED ENTRY ELEMENTS (KOHA)
Source of classification or shelving scheme Dewey Decimal Classification
Koha item type Books
Suppress in OPAC No
Holdings
Withdrawn status Lost status Source of classification or shelving scheme Damaged status Not for loan Collection Home library Current library Shelving location Date acquired Total Checkouts Full call number Barcode Date last seen Date last checked out Copy number Price effective from Koha item type
    Dewey Decimal Classification     Fiction Footprints International School Library Network Toul Tom Poung Campus Footprints International School Library Network Toul Kork Campus TTP Secondary Fiction Bookshelves 01/23/2026 2 SUK 895.63 PL869 .O75 2026-0083 04/09/2026 03/31/2026 1 01/23/2026 Books